[Event "Steyr Landesliga 1314"]
[Site "Austria"]
[Date "2014.03.01"]
[Round "8.2"]
[White "Wegerer, Fred"]
[Black "Kastner, Walter"]
[Result "1/2-1/2"]
[WhiteElo "2166"]
[BlackElo "2218"]
[PlyCount "110"]
[EventDate "2013.09.28"]
[EventType "team-tourn"]
[EventRounds "11"]
[EventCountry "AUT"]
[SourceTitle "EXT 2015"]
[Source "ChessBase"]
[SourceDate "2014.11.20"]
[SourceVersion "1"]
[SourceVersionDate "2014.11.20"]
[SourceQuality "1"]
[WhiteTeam "Graz Austria"]
[BlackTeam "Graz Schachfreunde"]
[WhiteTeamCountry "AUT"]
[BlackTeamCountry "AUT"]

1. Nf3 c5 2. e3 Nf6 3. b3 e6 4. Bb2 Be7 5. Be2 b6 6. 0-0 Bb7 7. d3 0-0 8. Nbd2 d6 9. c4 Nbd7 10. Qc2 Rc8 11. h3 Rc7 12. Nh2 Qa8 13. Bf3 Ne5 14. Bxb7 Qxb7 15. f4 Nc6 16. Ndf3 Nd7 17. Rad1 Bf6 18. Ng4 Bxb2 19. Qxb2 h5 20. Nf2 d5 21. cxd5 exd5 22. e4 Ne7 23. f5 d4 24. Qd2 Qc6 25. Qg5 Nf6 26. Ne5 Qe8 27. Nc4 Nc6 28. Qf4 Re7 29. g4 Qb8 30. Qxb8 Rxb8 31. g5 Nd7 32. Kg2 Nde5 33. Kg3 Nxc4 34. bxc4 Ne5 35. Rb1 h4+ 36. Kf4 Rbe8 37. Rb3 Nc6 38. Rg1 Ne5 39. a4 Kf8 40. Ng4 Nxd3+ 41. Rxd3 Rxe4+ 42. Kf3 Re2 43. a5 Rc2 44. axb6 axb6 45. Rb1 Rxc4 46. Rxb6 Rc1 47. Rc6 Rf1+ 48. Nf2 Re5 49. Kg2 Rc1 50. Rxd4 Rxf5 51. Rc8+ Ke7 52. Rc7+ Ke6 53. Rc6+ Ke7 54. Rc7+ Ke6 55. Rc6+ Ke7 1/2-1/2